[Event "Iranian Men's Chess Championship "]
[Site "Tehran"]
[Date "2017.03.08"]
[Round "5"]
[Board "5"]
[White "Mousavi, Seyed Khalil"]
[Black "Maghsoodloo, Parham"]
[Result "1/2-1/2"]
[WhiteElo "2412"]
[BlackElo "2576"]
[PlyCount "0"]
[EventDate "2017.03.05"]
[EventRounds "11"]
[EventCountry "IRI"]

1. d4 {[%clk 1:30:54]} Nf6 {[%clk 1:30:51]} 2. Nf3 {[%clk 1:31:04]} g6
{[%clk 1:30:25]} 3. Nbd2 {[%clk 1:31:10]} d5 {[%clk 1:29:47]} 4. b4
{[%clk 1:31:18]} e6 {[%clk 1:19:49]} 5. a3 {[%clk 1:31:02]} a5 {[%clk 1:20:01]}
6. b5 {[%clk 1:30:51]} c5 {[%clk 1:20:20]} 7. bxc6 {[%clk 1:23:06]} bxc6
{[%clk 1:10:09]} 8. c4 {[%clk 1:23:22]} a4 {[%clk 1:09:47]} 9. e3
{[%clk 1:21:17]} Bg7 {[%clk 1:08:58]} 10. Rb1 {[%clk 1:14:03]} O-O
{[%clk 1:08:09]} 11. Bd3 {[%clk 1:12:04]} Nbd7 {[%clk 1:05:07]} 12. O-O
{[%clk 1:02:47]} c5 {[%clk 0:58:07]} 13. Bb2 {[%clk 1:03:15]} Ba6
{[%clk 0:57:00]} 14. Qe2 {[%clk 1:01:39]} cxd4 {[%clk 0:52:22]} 15. cxd5
{[%clk 1:00:59]} Bxd3 {[%clk 0:51:30]} 16. Qxd3 {[%clk 1:01:23]} Nc5
{[%clk 0:51:50]} 17. Qxd4 {[%clk 1:00:21]} Qxd5 {[%clk 0:52:07]} 18. Qh4
{[%clk 0:59:41]} Nfe4 {[%clk 0:42:43]} 1/2-1/2

[Event "Iranian Men's Chess Championship "]
[Site "Tehran"]
[Date "2017.03.09"]
[Round "6"]
[Board "1"]
[White "Idani, Pouya"]
[Black "Darini, Pouria"]
[Result "1/2-1/2"]
[WhiteElo "2576"]
[BlackElo "2518"]
[PlyCount "0"]
[EventDate "2017.03.05"]
[EventRounds "11"]
[EventCountry "IRI"]

1. d4 {[%clk 1:29:49]} Nf6 {[%clk 1:29:43]} 2. Nf3 {[%clk 1:30:10]} g6
{[%clk 1:30:02]} 3. c4 {[%clk 1:30:35]} Bg7 {[%clk 1:30:28]} 4. g3
{[%clk 1:31:02]} O-O {[%clk 1:29:07]} 5. Bg2 {[%clk 1:31:29]} d5 {[%clk 1:24:36]}
6. O-O {[%clk 1:31:51]} dxc4 {[%clk 1:25:03]} 7. Na3 {[%clk 1:32:17]} Nc6
{[%clk 1:24:46]} 8. Nxc4 {[%clk 1:32:35]} Be6 {[%clk 1:25:12]} 9. b3
{[%clk 1:30:28]} Bd5 {[%clk 1:25:30]} 10. Bb2 {[%clk 1:29:56]} a5
{[%clk 1:25:51]} 11. Ne3 Be4 {[%clk 1:24:50]} 12. a3 {[%clk 1:28:44]} Qb8
{[%clk 1:06:14]} 13. Nc4 {[%clk 1:24:44]} Rd8 {[%clk 1:05:45]} 14. e3
{[%clk 1:22:48]} Nd7 {[%clk 0:53:51]} 15. Qe2 {[%clk 1:08:33]} Nc5
{[%clk 0:47:44]} 16. Rad1 {[%clk 1:08:58]} Na6 {[%clk 0:07:45]} 17. Ncd2
{[%clk 1:04:56]} Bf5 {[%clk 0:07:37]} 18. Rc1 {[%clk 1:01:23]} Qa7
{[%clk 0:02:55]} 19. Bc3 {[%clk 0:55:04]} e5 {[%clk 0:00:52]} 20. d5
{[%clk 0:54:56]} Rxd5 {[%clk 0:01:00]} 21. e4 {[%clk 0:54:37]} Rxd2
{[%clk 0:01:27]} 22. Bxd2 {[%clk 0:50:41]} Bg4 {[%clk 0:01:33]} 23. Be3
{[%clk 0:49:45]} Nd4 {[%clk 0:01:50]} 24. Bxd4 {[%clk 0:49:14]} exd4
{[%clk 0:02:00]} 25. e5 {[%clk 0:44:43]} c6 {[%clk 0:00:34]} 26. Qd2
{[%clk 0:41:17]} Nc5 {[%clk 0:00:38]} 27. Nxd4 {[%clk 0:40:41]} Bxe5
{[%clk 0:01:06]} 28. Rc4 {[%clk 0:34:34]} h5 {[%clk 0:00:39]} 29. Qe3
{[%clk 0:33:16]} Bd6 {[%clk 0:00:32]} 30. h3 Bd7 31. Nf3 {[%clk 0:28:21]} Be6
{[%clk 0:00:58]} 32. Rd4 {[%clk 0:28:38]} Bf8 {[%clk 0:00:52]} 33. Rb1
{[%clk 0:27:32]} Bf5 {[%clk 0:00:42]} 34. Re1 {[%clk 0:25:15]} Ne6
{[%clk 0:00:54]} 35. Rd7 {[%clk 0:24:13]} Bxa3 {[%clk 0:00:32]} 36. Qxa7
{[%clk 0:23:22]} Rxa7 {[%clk 0:01:02]} 37. g4 {[%clk 0:20:48]} hxg4
{[%clk 0:01:28]} 38. hxg4 {[%clk 0:21:14]} Nf8 {[%clk 0:01:18]} 39. Rd8
{[%clk 0:20:11]} Bxg4 {[%clk 0:00:50]} 40. Ne5 {[%clk 0:20:22]} Bf5
{[%clk 0:01:19]} 41. Bf1 {[%clk 0:19:21]} 1/2-1/2

[Event "Iranian Men's Chess Championship "]
[Site "Tehran"]
[Date "2017.03.09"]
[Round "6"]
[Board "3"]
[White "Tabatabaei, M.Amin"]
[Black "Mousavi, Seyed Khalil"]
[Result "1/2-1/2"]
[WhiteElo "2515"]
[BlackElo "2412"]
[PlyCount "0"]
[EventDate "2017.03.05"]
[EventRounds "11"]
[EventCountry "IRI"]

1. d4 {[%clk 1:30:57]} d5 {[%clk 1:30:22]} 2. Nc3 {[%clk 1:31:00]} Nf6
{[%clk 1:27:28]} 3. Bf4 {[%clk 1:31:14]} e6 {[%clk 1:26:36]} 4. Nb5
{[%clk 1:31:30]} Na6 {[%clk 1:25:04]} 5. e3 {[%clk 1:31:36]} c6 {[%clk 1:23:54]}
6. Nc3 {[%clk 1:31:58]} Qb6 {[%clk 1:19:39]} 7. a3 {[%clk 1:29:36]} Ne4
{[%clk 1:17:18]} 8. Nxe4 {[%clk 1:20:23]} dxe4 {[%clk 1:17:45]} 9. Rb1
{[%clk 1:20:42]} c5 {[%clk 1:13:13]} 10. Ne2 {[%clk 1:18:03]} Bd7
{[%clk 1:13:11]} 11. Nc3 {[%clk 1:15:47]} Bc6 {[%clk 1:04:42]} 12. d5
{[%clk 0:46:30]} O-O-O {[%clk 0:58:47]} 13. Qh5 {[%clk 0:30:17]} g6
{[%clk 0:48:04]} 14. Qe5 {[%clk 0:29:11]} Bd6 {[%clk 0:48:21]} 15. Qf6
{[%clk 0:29:26]} Bxd5 {[%clk 0:48:04]} 16. Bxd6 {[%clk 0:26:24]} Qxd6
{[%clk 0:48:19]} 17. Qxf7 {[%clk 0:26:37]} Nc7 {[%clk 0:45:50]} 18. Be2
{[%clk 0:25:24]} Rdf8 {[%clk 0:38:57]} 19. Qg7 {[%clk 0:25:32]} h6
{[%clk 0:38:28]} 20. Rd1 {[%clk 0:20:18]} g5 {[%clk 0:26:46]} 21. Nxd5
{[%clk 0:15:40]} exd5 {[%clk 0:26:59]} 22. c4 {[%clk 0:16:03]} d4
{[%clk 0:26:37]} 23. exd4 {[%clk 0:15:53]} Qf4 {[%clk 0:26:36]} 24. O-O
{[%clk 0:15:01]} Ne6 {[%clk 0:18:30]} 25. g3 {[%clk 0:14:52]} Nxg7
{[%clk 0:12:32]} 26. gxf4 {[%clk 0:15:09]} gxf4 {[%clk 0:06:57]} 27. Bg4+
{[%clk 0:15:00]} Nf5 {[%clk 0:07:07]} 28. Kh1 {[%clk 0:14:28]} Kb8
{[%clk 0:06:07]} 29. dxc5 {[%clk 0:14:27]} Nh4 {[%clk 0:06:36]} 30. Rfe1
{[%clk 0:10:25]} Rhg8 {[%clk 0:05:28]} 31. Be6 {[%clk 0:10:25]} Rg2
{[%clk 0:05:12]} 32. Rxe4 {[%clk 0:08:05]} Rxf2 {[%clk 0:05:27]} 33. Bh3
{[%clk 0:05:08]} Nf3 {[%clk 0:03:26]} 34. Bg2 {[%clk 0:05:33]} Ng5
{[%clk 0:03:11]} 35. Re7 {[%clk 0:05:56]} f3 {[%clk 0:03:31]} 36. Bf1
{[%clk 0:06:21]} Rxb2 {[%clk 0:03:13]} 37. h4 {[%clk 0:06:10]} Nf7
{[%clk 0:03:40]} 38. Bh3 {[%clk 0:03:23]} a6 {[%clk 0:03:48]} 39. Re3
{[%clk 0:02:12]} Nd8 {[%clk 0:03:37]} 40. Rf1 {[%clk 0:02:42]} f2
{[%clk 0:03:26]} 41. Kg2 {[%clk 0:01:44]} Nc6 {[%clk 0:03:35]} 42. Re4
{[%clk 0:01:14]} Na5 {[%clk 0:02:07]} 43. Be6 {[%clk 0:00:41]} Nb3
{[%clk 0:02:25]} 44. Re5 {[%clk 0:00:55]} Rf6 {[%clk 0:01:50]} 45. h5
{[%clk 0:00:36]} Nd4 {[%clk 0:01:26]} 46. Bd5 {[%clk 0:00:45]} Nc2
{[%clk 0:00:58]} 47. Rxf2 {[%clk 0:00:37]} Ne1+ {[%clk 0:01:05]} 48. Rxe1
{[%clk 0:00:58]} Rfxf2+ {[%clk 0:01:23]} 49. Kg3 {[%clk 0:01:24]} Rf5
{[%clk 0:01:02]} 50. Re8+ {[%clk 0:01:49]} Kc7 {[%clk 0:01:20]} 51. Re7+
{[%clk 0:01:27]} Kd8 {[%clk 0:01:44]} 52. Rh7 {[%clk 0:01:46]} Rxh5
{[%clk 0:01:54]} 53. Bxb7 {[%clk 0:02:14]} Rxc5 {[%clk 0:01:32]} 54. Bd5
{[%clk 0:01:45]} Rb6 {[%clk 0:00:47]} 55. Kf4 {[%clk 0:02:06]} Ra5
{[%clk 0:01:01]} 56. Ke5 {[%clk 0:02:28]} Rxa3 {[%clk 0:01:00]} 57. c5
{[%clk 0:02:19]} Rg6 {[%clk 0:01:17]} 58. Rh8+ {[%clk 0:01:52]} Ke7
{[%clk 0:01:12]} 59. Rh7+ {[%clk 0:02:14]} Kd8 {[%clk 0:00:42]} 60. Rh8+
{[%clk 0:02:32]} Ke7 {[%clk 0:01:06]} 61. Rh7+ {[%clk 0:02:58]} Kd8
{[%clk 0:00:38]} 62. Be4 {[%clk 0:02:40]} Re3 {[%clk 0:00:57]} 63. Kd4
{[%clk 0:01:59]} Rxe4+ {[%clk 0:01:14]} 64. Kxe4 {[%clk 0:01:36]} Kc8
{[%clk 0:01:08]} 65. Kd5 {[%clk 0:01:48]} Rg5+ {[%clk 0:01:13]} 66. Kc4
{[%clk 0:02:12]} Rg4+ {[%clk 0:01:19]} 67. Kb3 {[%clk 0:02:41]} Rh4
{[%clk 0:01:03]} 68. Ra7 {[%clk 0:03:01]} a5 {[%clk 0:01:08]} 69. Rxa5
{[%clk 0:03:17]} Kb7 {[%clk 0:01:30]} 70. Kc3 {[%clk 0:03:21]} 1/2-1/2

[Event "Iranian Men's Chess Championship "]
[Site "Tehran"]
[Date "2017.03.09"]
[Round "6"]
[Board "4"]
[White "Ghaem Maghami, Ehsan"]
[Black "Pourramezanali, Amirreza"]
[Result "1/2-1/2"]
[WhiteElo "2577"]
[BlackElo "2510"]
[PlyCount "0"]
[EventDate "2017.03.05"]
[EventRounds "11"]
[EventCountry "IRI"]

1. c4 {[%clk 1:28:41]} c5 {[%clk 1:30:38]} 2. Nf3 {[%clk 1:26:52]} Nc6
{[%clk 1:31:00]} 3. d4 {[%clk 1:20:36]} cxd4 {[%clk 1:31:15]} 4. Nxd4
{[%clk 1:20:59]} Nf6 {[%clk 1:31:41]} 5. Nc3 {[%clk 1:19:47]} e6 {[%clk 1:32:04]}
6. g3 {[%clk 1:20:05]} Qb6 {[%clk 1:32:30]} 7. e3 {[%clk 1:20:30]} Bb4
{[%clk 1:29:48]} 8. Bg2 {[%clk 1:20:27]} Ne5 {[%clk 1:27:51]} 9. O-O
{[%clk 1:04:08]} Bxc3 {[%clk 1:23:23]} 10. bxc3 {[%clk 1:04:22]} Nxc4
{[%clk 1:23:40]} 11. Qb3 {[%clk 0:40:56]} Qc5 {[%clk 1:16:11]} 12. Qb5
{[%clk 0:39:51]} Qxb5 {[%clk 1:06:07]} 13. Nxb5 {[%clk 0:40:03]} Ke7
{[%clk 0:44:11]} 14. Rd1 {[%clk 0:32:33]} d5 {[%clk 0:37:45]} 15. e4
{[%clk 0:21:44]} Bd7 {[%clk 0:29:27]} 16. Na3 {[%clk 0:19:20]} Nb6
{[%clk 0:18:20]} 17. exd5 {[%clk 0:13:44]} Nfxd5 {[%clk 0:18:45]} 18. c4
{[%clk 0:11:45]} Nc3 {[%clk 0:18:59]} 19. Re1 {[%clk 0:12:04]} Bc6
{[%clk 0:18:47]} 20. Bd2 {[%clk 0:11:57]} Nca4 {[%clk 0:18:21]} 21. Bh3
{[%clk 0:11:54]} Kf6 {[%clk 0:15:40]} 22. Be3 {[%clk 0:10:47]} Rhd8
{[%clk 0:13:34]} 23. Rac1 {[%clk 0:10:32]} Kg6 {[%clk 0:06:28]} 24. Nb5
{[%clk 0:08:27]} Bxb5 {[%clk 0:03:27]} 25. cxb5 {[%clk 0:08:47]} Nd5
{[%clk 0:03:55]} 26. Rc4 {[%clk 0:08:08]} Nxe3 {[%clk 0:02:24]} 27. Rxe3
{[%clk 0:08:28]} Nb6 {[%clk 0:02:43]} 28. Rg4+ {[%clk 0:08:37]} Kh6
{[%clk 0:03:09]} 29. Rh4+ {[%clk 0:08:28]} Kg6 {[%clk 0:03:09]} 30. Rg4+
{[%clk 0:08:32]} Kh6 {[%clk 0:03:31]} 1/2-1/2

[Event "Iranian Men's Chess Championship "]
[Site "Tehran"]
[Date "2017.03.09"]
[Round "6"]
[Board "5"]
[White "Gholami, Aryan"]
[Black "Bagheri, Maziar"]
[Result "1-0"]
[WhiteElo "2426"]
[BlackElo "2302"]
[PlyCount "0"]
[EventDate "2017.03.05"]
[EventRounds "11"]
[EventCountry "IRI"]

1. Nf3 {[%clk 1:30:26]} Nf6 {[%clk 1:27:42]} 2. g3 {[%clk 1:29:59]} d5
{[%clk 1:26:54]} 3. Bg2 {[%clk 1:30:24]} c6 {[%clk 1:27:19]} 4. O-O
{[%clk 1:29:30]} Bg4 {[%clk 1:26:22]} 5. c4 {[%clk 1:24:49]} e6 {[%clk 1:26:31]}
6. b3 {[%clk 1:24:32]} Nbd7 {[%clk 1:26:53]} 7. Bb2 {[%clk 1:24:52]} Bd6
{[%clk 1:26:09]} 8. d3 {[%clk 1:19:37]} Qe7 {[%clk 1:26:20]} 9. Nbd2
{[%clk 1:18:46]} O-O {[%clk 1:25:44]} 10. Qc2 {[%clk 1:14:51]} e5
{[%clk 1:20:00]} 11. h3 {[%clk 1:13:25]} Bh5 {[%clk 1:17:03]} 12. e4
{[%clk 1:13:29]} dxe4 {[%clk 1:16:08]} 13. dxe4 {[%clk 1:13:50]} Bxf3
{[%clk 1:14:09]} 14. Nxf3 {[%clk 1:13:28]} Rfe8 {[%clk 1:14:30]} 15. Rad1
{[%clk 1:12:34]} Nf8 {[%clk 1:13:19]} 16. c5 {[%clk 1:05:05]} Bc7
{[%clk 1:13:26]} 17. a3 {[%clk 1:03:26]} Red8 {[%clk 1:04:59]} 18. h4
{[%clk 0:57:44]} N6d7 {[%clk 0:53:12]} 19. b4 {[%clk 0:55:59]} Ne6
{[%clk 0:53:17]} 20. Bh3 {[%clk 0:55:34]} Qf6 {[%clk 0:50:32]} 21. Qb3
{[%clk 0:50:35]} Ndf8 {[%clk 0:49:36]} 22. Qc3 {[%clk 0:50:40]} Nd7
{[%clk 0:38:06]} 23. Rd2 {[%clk 0:47:01]} Qe7 {[%clk 0:35:22]} 24. Rfd1
{[%clk 0:40:24]} f6 {[%clk 0:34:39]} 25. Qb3 {[%clk 0:38:33]} Ndf8
{[%clk 0:34:47]} 26. Rxd8 {[%clk 0:38:56]} Rxd8 {[%clk 0:33:28]} 27. Rxd8
{[%clk 0:39:15]} Bxd8 {[%clk 0:33:40]} 28. Bxe5 {[%clk 0:39:39]} fxe5
{[%clk 0:32:56]} 29. Ng5 {[%clk 0:39:58]} b6 {[%clk 0:29:37]} 30. Bxe6+
{[%clk 0:38:11]} Nxe6 {[%clk 0:29:44]} 31. Nxe6 {[%clk 0:37:20]} Qf7
{[%clk 0:29:45]} 32. Qd3 {[%clk 0:37:29]} Bxh4 {[%clk 0:23:22]} 33. Qd6
{[%clk 0:37:45]} Be7 {[%clk 0:23:29]} 34. Qxc6 {[%clk 0:37:54]} h5
{[%clk 0:23:08]} 35. Qd5 {[%clk 0:37:40]} bxc5 {[%clk 0:23:08]} 36. bxc5
{[%clk 0:38:03]} h4 {[%clk 0:23:11]} 37. c6 {[%clk 0:38:28]} hxg3
{[%clk 0:19:40]} 38. Ng5 {[%clk 0:37:59]} gxf2+ {[%clk 0:17:14]} 39. Kf1
{[%clk 0:38:22]} Qxd5 {[%clk 0:17:20]} 40. exd5 {[%clk 0:38:51]} 1-0

[Event "Iranian Men's Chess Championship "]
[Site "Tehran"]
[Date "2017.03.09"]
[Round "7"]
[Board "2"]
[White "Bagheri, Maziar"]
[Black "Firouzja, Alireza"]
[Result "1/2-1/2"]
[WhiteElo "2302"]
[BlackElo "2470"]
[PlyCount "0"]
[EventDate "2017.03.05"]
[EventRounds "11"]
[EventCountry "IRI"]

1. c4 {[%clk 1:30:49]} e6 {[%clk 1:28:37]} 2. Nf3 {[%clk 1:30:33]} d5
{[%clk 1:28:50]} 3. d4 {[%clk 1:30:46]} Nf6 {[%clk 1:29:13]} 4. Nc3
{[%clk 1:30:54]} c6 {[%clk 1:28:45]} 5. cxd5 {[%clk 1:25:56]} exd5
{[%clk 1:29:01]} 6. Bg5 {[%clk 1:26:00]} Be7 {[%clk 1:21:28]} 7. e3
{[%clk 1:21:39]} Bf5 {[%clk 1:21:01]} 8. Bd3 {[%clk 1:19:06]} Bxd3
{[%clk 1:20:54]} 9. Qxd3 {[%clk 1:19:33]} Nbd7 {[%clk 1:20:31]} 10. O-O
{[%clk 1:19:54]} O-O {[%clk 1:20:50]} 11. Rab1 {[%clk 1:17:14]} a5
{[%clk 1:20:25]} 12. Rfc1 {[%clk 1:16:55]} Re8 {[%clk 1:20:20]} 13. a3
{[%clk 1:15:38]} Bd6 {[%clk 1:15:28]} 14. Na4 {[%clk 1:14:12]} Qe7
{[%clk 1:10:09]} 15. Qc2 {[%clk 1:10:51]} Qe6 {[%clk 0:52:04]} 16. Bxf6
{[%clk 1:09:42]} Qxf6 {[%clk 0:37:06]} 17. b4 {[%clk 1:08:30]} Qe7
{[%clk 0:33:13]} 18. Nc5 {[%clk 1:00:44]} Nb6 {[%clk 0:27:37]} 19. Nd2
{[%clk 0:50:28]} Qc7 {[%clk 0:23:34]} 20. g3 {[%clk 0:47:09]} axb4
{[%clk 0:23:40]} 21. axb4 {[%clk 0:47:11]} h5 {[%clk 0:23:09]} 22. b5
{[%clk 0:39:18]} h4 {[%clk 0:23:09]} 23. Kg2 {[%clk 0:39:18]} cxb5
{[%clk 0:16:44]} 24. Rxb5 {[%clk 0:38:46]} Qc6 {[%clk 0:16:48]} 25. Rb3
{[%clk 0:27:21]} Rac8 {[%clk 0:12:07]} 26. Qf5 {[%clk 0:20:53]} Nc4
{[%clk 0:05:39]} 27. Rxb7 {[%clk 0:20:01]} Rf8 {[%clk 0:04:01]} 28. Nxc4
{[%clk 0:19:22]} dxc4+ {[%clk 0:03:43]} 29. Qe4 {[%clk 0:19:44]} hxg3
{[%clk 0:02:35]} 30. hxg3 {[%clk 0:19:21]} Bxc5 {[%clk 0:02:49]} 31. Qxc6
{[%clk 0:19:44]} Rxc6 {[%clk 0:03:14]} 32. dxc5 {[%clk 0:19:46]} Rxc5
{[%clk 0:03:40]} 33. Rc3 {[%clk 0:20:06]} g5 {[%clk 0:02:00]} 34. Rd7
{[%clk 0:20:10]} 1/2-1/2

[Event "Iranian Men's Chess Championship "]
[Site "Tehran"]
[Date "2017.03.09"]
[Round "7"]
[Board "4"]
[White "Mousavi, Seyed Khalil"]
[Black "Ghaem Maghami, Ehsan"]
[Result "1/2-1/2"]
[WhiteElo "2412"]
[BlackElo "2577"]
[PlyCount "0"]
[EventDate "2017.03.05"]
[EventRounds "11"]
[EventCountry "IRI"]

1. d4 {[%clk 1:30:54]} Nf6 {[%clk 1:24:40]} 2. Nf3 {[%clk 1:30:49]} e6
{[%clk 1:24:27]} 3. Bf4 {[%clk 1:31:10]} d5 {[%clk 1:20:00]} 4. e3
{[%clk 1:30:54]} Bd6 {[%clk 1:19:52]} 5. Nbd2 {[%clk 1:30:25]} O-O
{[%clk 1:12:51]} 6. Bg3 {[%clk 1:29:32]} c5 {[%clk 1:12:26]} 7. c3
{[%clk 1:29:42]} Qc7 {[%clk 1:08:40]} 8. Ne5 {[%clk 1:25:09]} Nfd7
{[%clk 0:59:58]} 9. Bd3 {[%clk 1:22:37]} Nxe5 {[%clk 0:54:02]} 10. dxe5
{[%clk 1:22:46]} Bxe5 {[%clk 0:54:16]} 11. Bxh7+ {[%clk 1:21:58]} Kxh7
{[%clk 0:54:40]} 12. Qh5+ {[%clk 1:22:24]} Kg8 {[%clk 0:55:00]} 13. Bxe5
{[%clk 1:22:28]} Qd8 {[%clk 0:49:02]} 14. Nf3 {[%clk 1:22:25]} f6
{[%clk 0:49:26]} 15. Bxb8 {[%clk 1:22:34]} Rxb8 {[%clk 0:49:51]} 16. Nh4
{[%clk 1:22:57]} e5 {[%clk 0:46:13]} 17. Ng6 {[%clk 1:20:57]} Re8
{[%clk 0:46:28]} 18. g4 {[%clk 1:17:46]} b5 {[%clk 0:42:41]} 19. O-O-O
{[%clk 1:11:30]} d4 {[%clk 0:35:14]} 20. f4 {[%clk 1:09:47]} Bb7 {[%clk 0:16:18]}
21. Rhf1 {[%clk 1:05:53]} exf4 {[%clk 0:15:40]} 22. exd4 {[%clk 1:03:10]} Be4
{[%clk 0:06:33]} 23. dxc5 {[%clk 1:02:18]} Qc7 {[%clk 0:06:46]} 24. Rfe1
{[%clk 0:53:51]} Bxg6 {[%clk 0:02:49]} 25. Qxg6 {[%clk 0:53:43]} Rxe1
{[%clk 0:03:03]} 26. Rxe1 {[%clk 0:54:10]} Qxc5 {[%clk 0:02:37]} 27. Re8+
{[%clk 0:54:32]} Rxe8 {[%clk 0:03:03]} 28. Qxe8+ {[%clk 0:54:59]} Qf8
{[%clk 0:01:56]} 29. Qxb5 {[%clk 0:50:00]} g5 {[%clk 0:00:58]} 30. Qd5+
{[%clk 0:50:02]} Kg7 {[%clk 0:00:39]} 31. Qd7+ {[%clk 0:50:06]} Kh6
{[%clk 0:00:33]} 32. Qxa7 {[%clk 0:49:18]} Qe8 {[%clk 0:00:41]} 33. Qf2
{[%clk 0:45:08]} Qe6 {[%clk 0:00:46]} 34. a4 {[%clk 0:45:28]} Qxg4
{[%clk 0:01:06]} 35. a5 {[%clk 0:45:38]} f3 {[%clk 0:01:15]} 36. Kd2
{[%clk 0:45:51]} Qf4+ {[%clk 0:01:21]} 37. Kd1 {[%clk 0:42:50]} Qa4+
{[%clk 0:01:26]} 38. Kd2 {[%clk 0:43:07]} 1/2-1/2

[Event "Iranian Men's Chess Championship "]
[Site "Tehran"]
[Date "2017.03.09"]
[Round "7"]
[Board "6"]
[White "Darini, Pouria"]
[Black "Maghsoodloo, Parham"]
[Result "1/2-1/2"]
[WhiteElo "2518"]
[BlackElo "2576"]
[PlyCount "0"]
[EventDate "2017.03.05"]
[EventRounds "11"]
[EventCountry "IRI"]

1. e4 {[%clk 1:30:45]} c5 {[%clk 1:30:41]} 2. Nf3 {[%clk 1:31:01]} e6
{[%clk 1:31:06]} 3. d4 {[%clk 1:30:53]} cxd4 {[%clk 1:31:30]} 4. Nxd4
{[%clk 1:31:18]} a6 {[%clk 1:31:55]} 5. Be2 {[%clk 1:30:31]} Nf6 {[%clk 1:32:12]}
6. Nc3 {[%clk 1:30:54]} Bb4 {[%clk 1:32:39]} 7. e5 {[%clk 1:30:39]} Nd5
{[%clk 1:33:01]} 8. O-O {[%clk 1:30:57]} Nxc3 {[%clk 1:33:24]} 9. bxc3
{[%clk 1:31:22]} Bxc3 {[%clk 1:33:50]} 10. Ba3 {[%clk 1:30:18]} Qb6
{[%clk 0:58:52]} 11. Nf3 {[%clk 1:30:01]} d5 {[%clk 0:57:59]} 12. Qc1
{[%clk 1:10:51]} Bb4 {[%clk 0:53:47]} 13. Rb1 {[%clk 0:54:47]} Bxa3
{[%clk 0:54:08]} 14. Qxa3 {[%clk 0:55:15]} Qc7 {[%clk 0:53:54]} 15. c4
{[%clk 0:35:17]} dxc4 {[%clk 0:48:05]} 16. Nd2 {[%clk 0:31:05]} Qe7
{[%clk 0:48:23]} 17. Qxe7+ {[%clk 0:22:39]} Kxe7 {[%clk 0:48:33]} 18. Nxc4
{[%clk 0:23:08]} b5 {[%clk 0:46:08]} 19. Nb6 {[%clk 0:17:26]} Ra7
{[%clk 0:45:59]} 20. Rfc1 {[%clk 0:17:55]} Bd7 {[%clk 0:44:46]} 21. Bf3
{[%clk 0:18:24]} f6 {[%clk 0:43:19]} 22. Rc5 {[%clk 0:13:52]} Re8
{[%clk 0:32:36]} 23. Be4 {[%clk 0:09:41]} fxe5 {[%clk 0:30:56]} 24. Rbc1
{[%clk 0:09:09]} Kf6 {[%clk 0:22:43]} 25. a3 {[%clk 0:07:47]} g6 {[%clk 0:18:06]}
26. h4 {[%clk 0:07:58]} Rf8 {[%clk 0:16:21]} 27. f3 {[%clk 0:06:54]} Rd8
{[%clk 0:13:39]} 28. Rd1 {[%clk 0:03:22]} Rf8 {[%clk 0:13:36]} 29. Rdc1
{[%clk 0:03:30]} h6 {[%clk 0:10:53]} 30. Kf2 {[%clk 0:03:27]} Rg8
{[%clk 0:09:27]} 31. Ke3 {[%clk 0:01:32]} Be8 {[%clk 0:05:21]} 32. Rc8
{[%clk 0:00:56]} Nd7 {[%clk 0:05:50]} 33. Nxd7+ {[%clk 0:00:50]} Rxd7
{[%clk 0:06:18]} 34. Ra8 {[%clk 0:00:45]} Bf7 {[%clk 0:06:38]} 35. Rxa6
{[%clk 0:01:06]} Rb8 {[%clk 0:06:32]} 36. Rb1 {[%clk 0:00:57]} Be8
{[%clk 0:03:19]} 37. a4 {[%clk 0:01:15]} Rd4 {[%clk 0:03:27]} 38. Ra5
{[%clk 0:00:36]} b4 {[%clk 0:01:49]} 39. f4 {[%clk 0:01:05]} Rc4 {[%clk 0:02:18]}
40. fxe5+ {[%clk 0:01:30]} Kg7 {[%clk 0:02:31]} 41. Ra7+ {[%clk 0:01:45]} Kg8
{[%clk 0:02:54]} 42. a5 {[%clk 0:00:55]} Rb5 {[%clk 0:01:14]} 43. Bf3
{[%clk 0:00:36]} Rxe5+ 44. Kf2 Rc2+ {[%clk 0:01:02]} 45. Kg3 {[%clk 0:01:29]} Ra2
{[%clk 0:00:55]} 46. a6 {[%clk 0:00:57]} Rea5 {[%clk 0:00:40]} 47. Ra8
{[%clk 0:00:36]} Kf7 {[%clk 0:01:01]} 48. Rxb4 {[%clk 0:00:33]} Bb5
{[%clk 0:00:42]} 49. a7 {[%clk 0:00:49]} Bf1 {[%clk 0:00:40]} 50. Rb7+
{[%clk 0:00:48]} Kf6 {[%clk 0:01:08]} 51. Rf8+ {[%clk 0:01:00]} Ke5
{[%clk 0:01:31]} 52. Rb1 {[%clk 0:00:42]} Bxg2 {[%clk 0:01:42]} 53. Re1+
{[%clk 0:00:53]} Kd6 {[%clk 0:01:44]} 54. Bxg2 {[%clk 0:00:37]} Rxa7
{[%clk 0:00:44]} 55. Rf6 {[%clk 0:01:06]} Re7 {[%clk 0:00:32]} 56. Rxg6
{[%clk 0:01:29]} Ra3+ {[%clk 0:00:36]} 57. Kg4 {[%clk 0:01:04]} Re8
{[%clk 0:00:52]} 58. Re4 {[%clk 0:00:40]} Rc3 {[%clk 0:00:33]} 59. h5
{[%clk 0:00:41]} Rc2 {[%clk 0:00:45]} 60. Bf3 {[%clk 0:00:48]} Rc1
{[%clk 0:01:06]} 61. Kh3 {[%clk 0:00:42]} Rc3 {[%clk 0:01:18]} 62. Kg3
{[%clk 0:00:53]} Kd7 {[%clk 0:01:37]} 63. Rxh6 {[%clk 0:01:02]} e5
{[%clk 0:02:02]} 64. Rf6 {[%clk 0:01:02]} Re6 {[%clk 0:02:05]} 65. Rf5
{[%clk 0:00:53]} Ke7 {[%clk 0:02:21]} 66. Rexe5 {[%clk 0:01:03]} Rxe5
{[%clk 0:02:46]} 67. Rxe5+ {[%clk 0:01:31]} Kf6 {[%clk 0:03:08]} 68. Ra5
{[%clk 0:01:49]} Kg7 {[%clk 0:03:16]} 69. Kf4 {[%clk 0:01:57]} Rc8
{[%clk 0:03:32]} 70. Kg5 {[%clk 0:02:16]} Kh8 {[%clk 0:03:50]} 71. Be4
{[%clk 0:02:17]} Rg8+ {[%clk 0:03:41]} 72. Bg6 {[%clk 0:02:45]} Rg7
{[%clk 0:03:36]} 73. Ra6 {[%clk 0:02:15]} Rg8 {[%clk 0:03:53]} 74. Rf6
{[%clk 0:01:05]} Rg7 {[%clk 0:04:00]} 75. Kf4 {[%clk 0:01:05]} Rg8
{[%clk 0:03:42]} 76. Bf5 {[%clk 0:01:25]} Rg1 {[%clk 0:02:30]} 77. Rg6
{[%clk 0:00:51]} Rg2 {[%clk 0:02:06]} 78. Ke5 {[%clk 0:00:53]} Rg5
{[%clk 0:01:47]} 79. Rb6 {[%clk 0:00:33]} Rg1 {[%clk 0:00:35]} 80. Rh6+
{[%clk